000 00582nam a22001937a 4500
999 _c6671
_d6671
003 OSt
005 20200225083456.0
008 200225b ||||| |||| 00| 0 eng d
020 _a9781841870649
040 _cDDC
082 _a320.6GOS 2003
100 _4Gosling,Louisa;Edwards,Mike;
245 _aToolkits:A practicle Guide to Planning , Monitoring , evaluation and Impact assessment.
260 _aLondon,
_bsave the children.
_c2003.
300 _axi,341p;
_bill;
_c22cm.
504 _aincludes references and Glossary.
650 _aMonitoring
_913723
942 _2ddc
_cO_SHELF